Derechos reales de garantía
Furkejuvvon:
| Váldodahkki: | |
|---|---|
| Materiálatiipa: | Girji |
| Giella: | espánnjágiella |
| Almmustuhtton: |
Lima
San Marcos
2011
|
| Preanttus: | 5a. ed |
| Fáttát: | |
| Fáddágilkorat: |
Lasit fáddágilkoriid
Eai fáddágilkorat, Lasit vuosttaš fáddágilkora!
|
MARC
| LEADER | 00000cam a2200000 a 4500 | ||
|---|---|---|---|
| 001 | UCD1501 | ||
| 003 | CL-VaPUC | ||
| 008 | 160310e20110000pe |||||||||||||||||spa|d | ||
| 020 | |a 9786123026882t.2 | ||
| 082 | 0 | 4 | |a 346.8504 |b VAS |2 21 |
| 100 | 0 | |a Vásquez Ríos, Alberto |e author |9 584593 | |
| 245 | 1 | 0 | |a Derechos reales de garantía |
| 250 | |a 5a. ed | ||
| 300 | |a t | ||
| 942 | |c BK | ||
| 945 | |d 20160310 23:10:00 |a dcastane | ||
| 260 | |a Lima |b San Marcos |c 2011 | ||
| 500 | |a t.2: Hipoteca. Garantía mobiliaria. Anticresis | ||
| 650 | 0 | |a Derecho civil peruano |9 452635 | |
| 650 | 0 | |a Fuentes del derecho |9 255162 | |
| 583 | |a last modification |c 20161026 01:38:40 |k Rodrigo Vera | ||
| 999 | |c 362802 |d 362800 | ||
| 952 | |0 0 |1 0 |3 erb |4 0 |6 346_850400000000000_VAS_2011 |7 0 |8 A |9 474308 |a BIBDER |b BIBDER |h t.2 |i 5266688 |o 346.8504 VAS 2011 |p 5266688 |r 2023-01-25 |w 2019-11-24 |y BK |z Catalogado en:20160310 |k DER | ||